Adolescent psychology in dual children families / (Record no. 15170)

MARC details
000 -LEADER
fixed length control field 00910nam a22002537a 4500
005 - DATE AND TIME OF LATEST TRANSACTION
control field 20080828095541.0
008 - FIXED-LENGTH DATA ELEMENTS--GENERAL INFORMATION
fixed length control field 080828t xxu||||| |||| 00| 0 eng d
010 ## - LIBRARY OF CONGRESS CONTROL NUMBER
LC control number ENG-90782
020 ## - INTERNATIONAL STANDARD BOOK NUMBER
International Standard Book Number 8171324037
Terms of availability 550.00
035 ## - SYSTEM CONTROL NUMBER
System control number EN-74315
037 ## - SOURCE OF ACQUISITION
Source of stock number/acquisition DBAD / PUB
040 ## - CATALOGING SOURCE
Original cataloging agency DPL
082 ## - DEWEY DECIMAL CLASSIFICATION NUMBER
Classification number 155.5
100 ## - MAIN ENTRY--PERSONAL NAME
Personal name Mehta, Manju
245 ## - TITLE STATEMENT
Title Adolescent psychology in dual children families /
Statement of responsibility, etc by Manju Mehta [and] Rati Singh
260 ## - PUBLICATION, DISTRIBUTION, ETC. (IMPRINT)
Place of publication, distribution, etc Jaipur
Name of publisher, distributor, etc Pointer Publishers
Date of publication, distribution, etc 2005
270 ## - ADDRESS
Address Vyas Building, S.M.S. highway
City jaipur
Postal code 302003
300 ## - PHYSICAL DESCRIPTION
Extent ix, 217p.
Dimensions 22 cm.(Hb)
500 ## - GENERAL NOTE
General note Includes bibliographical references
650 ## - SUBJECT ADDED ENTRY--TOPICAL TERM
Topical term or geographic name as entry element Adolescent psychology
700 ## - ADDED ENTRY--PERSONAL NAME
Personal name Singh, Rati
942 ## - ADDED ENTRY ELEMENTS (KOHA)
Source of classification or shelving scheme Dewey Decimal Classification
Koha item type English Books
Classification part 155.5
Call number suffix MEH
Holdings
Withdrawn status Lost status Damaged status Not for loan Collection code Home library Current library Date acquired Source of acquisition Cost, normal purchase price Total Checkouts Full call number Barcode Date last seen Cost, replacement price Price effective from Koha item type
      Not For Loan Non-fiction D.B.Act.Division D.B.Act.Division 28/08/2008 DBAD / PUB 550.00   155.5 MEH EN-74315 15/09/2008 550.00 15/09/2008 English Books

© Delhi Public Library
Hit Counter
free hit counter